| 000 | 00556cam a22002171 4500 | ||
|---|---|---|---|
| 001 | he 67001606 | ||
| 003 | DLC | ||
| 005 | 20260227111449.0 | ||
| 008 | 840406s1966 is 000 0 heb | ||
| 010 | _ahe 67001606 | ||
| 035 | _a(OCoLC)19161991 | ||
| 040 |
_aDLC _cMH _dCU _dDLC |
||
| 042 | _apremarc | ||
| 050 | 0 | 0 |
_aPJ5054.O77 _bP5 |
| 100 | 1 | _aOrshalom, Avivah. | |
| 245 | 1 | 0 |
_aPirḥe shemesh : _bshirim. |
| 260 |
_a[Tel Aviv] : _bMaḥbarot le-sifrut, _c[1966] |
||
| 300 |
_a37 p. ; _c21 cm. |
||
| 500 | _aVocalized. | ||
| 752 |
_aIsrael _dTel Aviv |
||
| 999 |
_c32572 _d32572 |
||